La educación preescolar en Chile y en América Latina

Wedi'i Gadw mewn:
Manylion Llyfryddiaeth
Fformat: Llyfr
Iaith:Sbaeneg
Cyhoeddwyd: Santiago CPU 1988
Pynciau:
Tagiau: Ychwanegu Tag
Dim Tagiau, Byddwch y cyntaf i dagio'r cofnod hwn!

MARC

LEADER 00000nam a2200000 a 4500
001 UCY1426
003 CL-VaPUC
008 940901e19880000CL |||||||||||||||||spa|d
082 0 4 |a 372.21  |b EDU  |2 21 
245 1 3 |a La educación preescolar en Chile y en América Latina 
300 |a 215 p 
942 |c BK 
945 |d 19940901 00:00:00  |a rbrito 
260 |a Santiago  |b CPU  |c 1988 
650 0 |a Educación preescolar  |9 260381 
651 7 |a CHILE  |2 CL-VaPUC  |9 329410 
651 0 |a América Latina   |9 255027 
583 |a last modification  |c 19940901 00:00:00  |k Rodrigo Vera 
999 |c 230134  |d 230132 
952 |0 0  |1 0  |4 0  |6 372_210000000000000_EDU_1988  |7 0  |8 P  |9 232160  |a BIBEDU  |b BIBEDU  |c BIBEDU_PB  |d 2019-11-15  |i 3004252  |o 372.21 EDU 1988  |p 3004252  |r 2024-01-25  |w 2019-11-15  |y BK  |k EDU